15 villes plus peuplée de l'Amérique du Nord - Statistiques

Statistiques générales
  • Ce quiz a été pris 67 fois
  • Le résultat moyen est 8 sur 15
Statistiques - réponses
Positions Réponse % Correct
2 New York
100%
3 Los Angeles
95%
4 Chicago
85%
1 Mexico
82%
7 Toronto
82%
8 Miami
80%
12 Boston
79%
6 Houston
59%
11 Atlanta
48%
13 Guadalajara
34%
14 Monterrey
28%
9 Washington D.C.
18%
10 Baltimore
7%
5 Dallas- Fort Worth
0%
15 Pheonix
0%
Aucun quiz correspondant
Distribution des résultats
% des personnes avec chaque résultat
Percentile par nombre de réponses
Votre historique - résultats
Vous n’avez pas pris ce quiz